[Event "Strmilov 2004"]
[Site "?"]
[Date "2004.05.05"]
[Round "2"]
[White "Lauko, Marian"]
[Black "Blazek, Jiri"]
[Result "0-1"]
[WhiteElo "1886"]
[BlackElo "2173"]
[PlyCount "129"]

1. d4 Nf6 2. Nf3 c5 3. d5 e6 4. c4 exd5 5. cxd5 d6 6. Nc3 g6 7. e4 Bg7 8. Bd3
O-O 9. O-O Bg4 10. h3 Bxf3 11. Qxf3 Na6 12. Bg5 h6 13. Bh4 Nc7 14. Rfe1 Re8 15.
Re2 Rb8 16. a4 a6 17. Rae1 b5 18. axb5 axb5 19. g4 c4 20. Bb1 b4 21. Nd1 Nb5
22. Qg2 Qb6 23. Kf1 Nd4 24. Re3 Nd7 25. f3 Qa6 26. Kg1 Qa1 27. Bc2 b3 28. Nc3
Qxb2 29. Bb1 Qxg2+ 30. Kxg2 Nb5 31. Nxb5 Rxb5 32. Rc1 Rc8 33. Bg3 Rb6 34. Bf2
c3 35. Re2 Rb7 36. Bd3 Nc5 37. Bc4 Rb4 38. Bxc5 Rxc5 39. Bd3 c2 40. Bxc2 Rbc4
41. Bxb3 Rxc1 42. f4 R5c3 43. Ba4 Ra3 44. Bb5 Kf8 45. e5 Ke7 46. e6 f5 47. gxf5
gxf5 48. h4 Rb3 49. Bc6 Rb2 50. Rf2 Rxf2+ 51. Kxf2 Bf6 52. h5 Rh1 53. Bb5 Rxh5
54. Bd3 Bd4+ 55. Kg3 Rh1 56. Kg2 Rg1+ 57. Kf3 Re1 58. Bb5 h5 59. Kg3 Rg1+ 60.
Kh3 Rg4 61. Be2 Rxf4 62. Bxh5 Rf1 63. Be2 Rg1 64. Kh2 Rg7 65. Bf3 0-1

[Event "Strmilov 2004"]
[Site "?"]
[Date "2004.05.05"]
[Round "2"]
[White "Malirsky, Josef"]
[Black "Rodling, Robert"]
[Result "0-1"]
[WhiteElo "1477"]
[BlackElo "1830"]
[PlyCount "46"]

1. e4 c5 2. Bc4 e6 3. Nc3 a6 4. a4 Nc6 5. Nf3 d6 6. O-O Nf6 7. Re1 b6 8. d4
cxd4 9. Nxd4 Bb7 10. Nxc6 Bxc6 11. b4 Be7 12. b5 axb5 13. Bxb5 Qc7 14. Bg5 O-O
15. Qd3 h6 16. Bh4 Bb7 17. Bg3 Nh5 18. Rad1 Rac8 19. Re3 Nxg3 20. Rxg3 Bf6 21.
Ne2 Qxc2 22. Qxd6 Rcd8 23. Bd3 Qxd1# 0-1

[Event "Strmilov 2004"]
[Site "?"]
[Date "2004.05.05"]
[Round "2"]
[White "Muzikar, Jan"]
[Black "Gross, David"]
[Result "0-1"]
[WhiteElo "1970"]
[BlackElo "2413"]
[PlyCount "50"]

1. e4 e5 2. Nf3 Nc6 3. Bb5 a6 4. Ba4 Nf6 5. O-O Bc5 6. Re1 b5 7. Bb3 d6 8. c3
Bg4 9. d3 O-O 10. Nbd2 Re8 11. Nf1 h6 12. Be3 a5 13. Ng3 Bxe3 14. Rxe3 a4 15.
Bc2 d5 16. exd5 Nxd5 17. Re1 a3 18. d4 axb2 19. Rb1 exd4 20. Rxe8+ Qxe8 21. Qd3
g6 22. Nxd4 Ne5 23. Qxb5 Nxc3 24. Qxe8+ Rxe8 25. Rxb2 Nc4 0-1

[Event "Strmilov 2004"]
[Site "?"]
[Date "2004.05.05"]
[Round "2"]
[White "Novak, Rudolf"]
[Black "Hadrava, Jaroslav"]
[Result "1-0"]
[WhiteElo "1557"]
[BlackElo "1864"]
[PlyCount "45"]

1. e4 d6 2. d4 Nf6 3. Nc3 g6 4. Nf3 Bg7 5. Be2 O-O 6. O-O c6 7. Re1 b5 8. a3
Bb7 9. e5 Ne8 10. Bf1 Nc7 11. Bf4 a6 12. Qd2 dxe5 13. Bxe5 Nd7 14. Bxg7 Kxg7
15. Ne4 Nd5 16. c4 N5b6 17. b3 h6 18. Qc3 Kh7 19. Rad1 f5 20. Nc5 Nxc5 21. dxc5
Nd7 22. Ne5 Bc8 23. Nxc6 1-0

[Event "Strmilov 2004"]
[Site "?"]
[Date "2004.05.05"]
[Round "2"]
[White "Pahorecky st., Jiri"]
[Black "Volf, Miloslav"]
[Result "1-0"]
[WhiteElo "1752"]
[BlackElo "1475"]
[PlyCount "107"]

1. e4 e5 2. Nf3 Nc6 3. Bb5 a6 4. Ba4 Nf6 5. O-O Be7 6. Re1 b5 7. Bb3 d6 8. c3
Bg4 9. h3 Bh5 10. d3 Na5 11. Bc2 c5 12. Nbd2 O-O 13. Nf1 h6 14. Ng3 Bg6 15. Nh4
Nh7 16. Nhf5 Bg5 17. Bxg5 Nxg5 18. h4 Ne6 19. Qg4 Nb7 20. Bb3 Nf4 21. Nh5 c4
22. Nxf4 exf4 23. dxc4 Bxf5 24. exf5 Nc5 25. Rad1 Qf6 26. Qxf4 Nxb3 27. axb3
bxc4 28. Rxd6 g5 29. hxg5 Qxg5 30. Qxg5+ hxg5 31. bxc4 Rfb8 32. b4 Rc8 33. c5
a5 34. Ra1 a4 35. c6 Ra6 36. b5 Rb6 37. c4 Ra8 38. Kf1 Kf8 39. f6 Kg8 40. Ke2
Kh7 41. Kd3 Kg6 42. Kd4 Rbb8 43. c7 Rb7 44. b6 Rc8 45. c5 Kf5 46. Rxa4 Rh8 47.
Kd5 g4 48. Kc6 g3 49. fxg3 Rxc7+ 50. bxc7 Ke5 51. Rd8 Rh6 52. c8=Q Rxf6+ 53.
Rd6 Rxd6+ 54. cxd6 1-0

[Event "Strmilov 2004"]
[Site "?"]
[Date "2004.05.05"]
[Round "2"]
[White "Petkov, Andon"]
[Black "Nemecky, Jan"]
[Result "1-0"]
[WhiteElo "1770"]
[BlackElo "1489"]
[PlyCount "65"]

1. d4 d5 2. Nf3 Nf6 3. Bg5 Nbd7 4. Nbd2 h6 5. Bh4 e6 6. e3 Be7 7. Bd3 c5 8. c3
c4 9. Bc2 O-O 10. O-O Re8 11. Ne5 Nxe5 12. dxe5 Nd7 13. Bxe7 Qxe7 14. f4 Nf8
15. Nf3 Bd7 16. Nd4 a6 17. Qh5 f5 18. g4 fxg4 19. Qxg4 Qd8 20. Rf3 Re7 21. Kf2
Be8 22. f5 h5 23. Qg3 exf5 24. Nxf5 Rc7 25. Nd6 Bc6 26. Rf5 h4 27. Qg5 Qxg5 28.
Rxg5 Ne6 29. Rh5 Rf8+ 30. Ke2 d4 31. Bh7+ Kh8 32. Bf5+ Kg8 33. Bxe6+ 1-0

[Event "Strmilov 2004"]
[Site "?"]
[Date "2004.05.05"]
[Round "2"]
[White "Piza, Vlastimil"]
[Black "Pahorecky ml., Jiri"]
[Result "1-0"]
[WhiteElo "2278"]
[BlackElo "1946"]
[PlyCount "97"]

1. c4 c5 2. Nc3 Nc6 3. g3 b6 4. Bg2 Bb7 5. e3 e6 6. Nge2 Nf6 7. O-O Be7 8. d4
cxd4 9. exd4 d5 10. cxd5 Nxd5 11. Nxd5 exd5 12. Nf4 Na5 13. Qh5 O-O 14. b3 g6
15. Qg4 Bf6 16. Nh5 Bh8 17. Bh6 Bc8 18. Qf3 gxh5 19. Qxh5 Bg7 20. Bxg7 Kxg7 21.
b4 Nb7 22. Bxd5 Qf6 23. Rac1 Rb8 24. Rxc8 Rfxc8 25. Bxb7 Rd8 26. Be4 h6 27. d5
Qg5 28. Qd1 Qe7 29. Qd4+ Qf6 30. Qd2 Rbc8 31. Rd1 Rc4 32. Bg2 Rdc8 33. d6 Rc2
34. Qe3 Re8 35. Qf3 Qxf3 36. Bxf3 f5 37. b5 Rxa2 38. d7 Rd8 39. Rd6 Rb2 40. Bc6
Re2 41. h4 Re5 42. Kg2 h5 43. Kf3 Kf7 44. Kf4 Rc5 45. Rh6 Rg8 46. Rxh5 a5 47.
Rxf5+ Rxf5+ 48. Kxf5 a4 49. Bd5+ 1-0

[Event "Strmilov 2004"]
[Site "?"]
[Date "2004.05.05"]
[Round "2"]
[White "Ruzicka, Tomas"]
[Black "Havlik, Jan"]
[Result "0-1"]
[WhiteElo "1519"]
[BlackElo "2121"]
[PlyCount "78"]

1. e4 c5 2. Nf3 Nc6 3. d4 cxd4 4. Nxd4 e5 5. Nxc6 bxc6 6. Bc4 Nf6 7. Nc3 Bb4 8.
Bd2 Bxc3 9. Bxc3 Nxe4 10. Bxe5 Qa5+ 11. c3 Qxe5 12. O-O O-O 13. Re1 Qf4 14. Qd4
d5 15. Bd3 Qf6 16. Bxe4 Qxd4 17. Bxh7+ Kxh7 18. cxd4 Rb8 19. b3 Rb4 20. Re7 a5
21. Rc7 a4 22. Rxc6 axb3 23. axb3 Rxb3 24. Rc5 Be6 25. Rd1 Rfb8 26. h3 Rb1 27.
Rcc1 Bf5 28. g4 Rxc1 29. Rxc1 Rb1 30. Rxb1 Bxb1 31. f4 Kg6 32. Kf2 Be4 33. h4
f5 34. Kg3 fxg4 35. Kxg4 Bf5+ 36. Kf3 Kh5 37. Kg3 g6 38. Kf3 Kxh4 39. Ke3 Kg3
0-1

[Event "Strmilov 2004"]
[Site "?"]
[Date "2004.05.05"]
[Round "2"]
[White "Snorek , Milan"]
[Black "Pekarovic, Jaroslav"]
[Result "1-0"]
[WhiteElo "2164"]
[BlackElo "1888"]
[PlyCount "75"]

1. e4 e5 2. Nf3 Nc6 3. Bb5 a6 4. Ba4 b5 5. Bb3 Bc5 6. c3 Nf6 7. d4 exd4 8. O-O
dxc3 9. e5 Ng4 10. Bxf7+ Kf8 11. Nxc3 Nxf2 12. Rxf2 Bxf2+ 13. Kxf2 Kxf7 14.
Qd5+ Kf8 15. Bg5 Qe8 16. Rf1 Qf7 17. Qc5+ Ke8 18. e6 Qxe6 19. Re1 Qxe1+ 20.
Kxe1 h6 21. Bf4 Kd8 22. Nd5 Ra7 23. Bxc7+ Ke8 24. Qe3+ Kf7 25. Ne5+ Nxe5 26.
Qxa7 Re8 27. Bxe5 Rxe5+ 28. Ne3 Re8 29. Kd2 Kg8 30. Nd5 Re6 31. Qa8 Rd6 32.
Qxc8+ Kf7 33. Qc5 Ke6 34. Qxd6+ Kxd6 35. Ne3 Ke6 36. Kd3 g6 37. Kd4 d6 38. Nd5
1-0

[Event "Strmilov 2004"]
[Site "?"]
[Date "2004.05.05"]
[Round "2"]
[White "Spal , Milan "]
[Black "Slajs, Vlastimil"]
[Result "1-0"]
[WhiteElo "2233"]
[BlackElo "1925"]
[PlyCount "99"]

1. e4 e5 2. Nf3 Nc6 3. d4 exd4 4. Nxd4 Bc5 5. Nb3 Be7 6. Nc3 Nf6 7. Be2 O-O 8.
Be3 d6 9. g4 Be6 10. g5 Nd7 11. Rg1 f5 12. exf5 Bxf5 13. h4 Nb6 14. Qd2 Qd7 15.
O-O-O Ne5 16. Na5 Ng4 17. Nc4 Nxe3 18. Nxe3 Be6 19. Bg4 Rf4 20. Bxe6+ Qxe6 21.
Ned5 Nxd5 22. Qxd5 Qf7 23. Qxb7 Rf8 24. Nd5 Rxf2 25. Qxc7 Bd8 26. Qxf7+ R8xf7
27. Rd4 Re2 28. Rgd1 Rff2 29. Rc4 h6 30. gxh6 Bxh4 31. b4 Bg5+ 32. Kb2 Rd2 33.
Rc8+ Kh7 34. hxg7 Kxg7 35. Rxd2 Rxd2 36. Nc3 Be3 37. Re8 Bd4 38. Kb3 Kf7 39.
Ra8 Rg2 40. Nb5 Rg3+ 41. c3 Be5 42. Rxa7+ Ke6 43. Rh7 Kd5 44. Rh4 Kc6 45. a4
Kb6 46. Nd4 d5 47. a5+ Ka6 48. Rh6+ Kb7 49. a6+ Ka7 50. Nc6+ 1-0

[Event "Strmilov 2004"]
[Site "?"]
[Date "2004.05.05"]
[Round "2"]
[White "Steinhauser, Antonin"]
[Black "Ruzicka, Ales"]
[Result "0-1"]
[WhiteElo "1714"]
[BlackElo "1464"]
[PlyCount "111"]

1. e4 c5 2. Nf3 e6 3. d4 cxd4 4. Nxd4 a6 5. Nc3 Nc6 6. Be3 Qc7 7. Qd2 Nf6 8.
Be2 Bb4 9. a3 Nxe4 10. Qc1 Nxc3 11. axb4 Nxe2 12. Nxe2 Nxb4 13. O-O Qxc2 14.
Qxc2 Nxc2 15. Rac1 Nxe3 16. fxe3 O-O 17. Nd4 d5 18. Rc7 e5 19. Nf5 Bxf5 20.
Rxf5 f6 21. Rxb7 Rfb8 22. Rd7 Rxb2 23. Rf3 Rb4 24. Rg3 g5 25. Rh3 Rh4 26. Rf3
Rh6 27. Rxd5 a5 28. Rf1 a4 29. g3 Rg6 30. Rc5 a3 31. Ra1 Rg7 32. Rc6 Rf7 33.
Rc3 Rb7 34. Rcxa3 Rxa3 35. Rxa3 Rb2 36. Ra6 Kg7 37. h3 Re2 38. Ra3 h5 39. h4
gxh4 40. gxh4 Kg6 41. Kf1 Rh2 42. Ra4 Kf5 43. Kg1 Rh3 44. Kf2 e4 45. Ra5+ Kg4
46. Ra6 Rf3+ 47. Ke2 Kxh4 48. Re6 f5 49. Rg6 Kh3 50. Rg5 h4 51. Rg1 Kh2 52. Rg5
h3 53. Rh5 Kg2 54. Rg5+ Rg3 55. Rxf5 h2 56. Rf2+ 0-1

[Event "Strmilov 2004"]
[Site "?"]
[Date "2004.05.05"]
[Round "2"]
[White "Steinhauser, Frantisek"]
[Black "Sulista, Dankiel"]
[Result "0-1"]
[WhiteElo "1775"]
[BlackElo "1494"]
[PlyCount "58"]

1. e4 e5 2. d4 exd4 3. c3 d5 4. exd5 Qxd5 5. cxd4 Nc6 6. Nf3 Bg4 7. Be2 Nf6 8.
Nc3 Bb4 9. O-O Qd7 10. d5 Bxf3 11. Bxf3 Ne7 12. Re1 O-O 13. Bg5 Bxc3 14. bxc3
Qd6 15. c4 h6 16. Bh4 Nf5 17. Bxf6 Qxf6 18. Qa4 Nd4 19. Be4 Rfd8 20. Rad1 a6
21. c5 Nb5 22. d6 Nc3 23. Qd4 Nxd1 24. Qxf6 gxf6 25. dxc7 Re8 26. Kf1 Rac8 27.
f3 Nc3 28. Kf2 Nxe4+ 29. Rxe4 Rxe4 0-1

[Event "Strmilov 2004"]
[Site "?"]
[Date "2004.05.05"]
[Round "2"]
[White "Straka, Zdenek"]
[Black "Vybiral, Zdenek"]
[Result "0-1"]
[WhiteElo "1913"]
[BlackElo "2233"]
[PlyCount "112"]

1. d4 Nf6 2. Nf3 c5 3. d5 b5 4. c4 g6 5. Nc3 b4 6. Nb1 a5 7. b3 Bg7 8. Bb2 O-O
9. Nbd2 d6 10. e4 e5 11. Be2 Nh5 12. h3 Nf4 13. g3 Nxh3 14. Bf1 Ng5 15. Nxg5
Qxg5 16. Nf3 Qe7 17. Qd2 Bg4 18. Nh2 Bc8 19. Bd3 f5 20. f3 f4 21. g4 a4 22. Nf1
Bf6 23. Qh2 Rf7 24. Bc2 Nd7 25. Nd2 Nb6 26. Kf2 Bg5 27. a3 Bd7 28. Rhb1 Qd8 29.
Qh1 h6 30. axb4 cxb4 31. bxa4 Bxa4 32. Bd3 Nd7 33. Ke2 Nc5 34. Bc1 Rfa7 35. Bb2
Ra5 36. Rc1 R8a7 37. Rcb1 Qa8 38. Rc1 R7a6 39. Rcb1 Qa7 40. Qg1 Bd8 41. Rc1 Qe7
42. Qh1 Kh7 43. Rcb1 Bb6 44. Rc1 Ra8 45. Rcb1 Nd7 46. Rc1 Be3 47. Rcb1 Qd8 48.
Nf1 Qb6 49. g5 h5 50. Qh3 Nf8 51. Nh2 Kg8 52. Nf1 Bd4 53. Bxd4 Qxd4 54. Rxa4
Rxa4 55. Rd1 Ra2+ 56. Ke1 Qf2# 0-1

[Event "Strmilov 2004"]
[Site "?"]
[Date "2004.05.05"]
[Round "2"]
[White "Trepka, Jan"]
[Black "Odehnalova, Andrea"]
[Result "1-0"]
[WhiteElo "1855"]
[BlackElo "1553"]
[PlyCount "89"]

1. Nf3 Nc6 2. d4 d5 3. c4 e6 4. e3 Nf6 5. a3 Bd7 6. Nc3 Be7 7. b4 a6 8. c5 b6
9. Bd3 O-O 10. Qc2 bxc5 11. bxc5 a5 12. Bd2 Rb8 13. O-O Re8 14. Ng5 h6 15. Bh7+
Kf8 16. Nxf7 Kxf7 17. Bg6+ Kg8 18. Bxe8 Bxe8 19. Rfb1 e5 20. Nb5 e4 21. Rb2 Bd7
22. Rab1 Rc8 23. Nc3 Qe8 24. Rb7 Qg6 25. Kf1 Qf5 26. h3 Qe6 27. Nb5 Bd8 28. a4
Qf7 29. Na7 Nxa7 30. Rxa7 c6 31. Bxa5 Bxa5 32. Rxa5 Be8 33. Ra6 Qc7 34. Kg1 Nd7
35. a5 Bg6 36. Qa4 Nb8 37. Rab6 Qa7 38. Rb7 Qa8 39. Rxb8 Rxb8 40. Rxb8+ Qxb8
41. a6 Be8 42. a7 Qa8 43. Qa6 Bd7 44. Qb6 Bc8 45. Qb8 1-0

[Event "Strmilov 2004"]
[Site "?"]
[Date "2004.05.06"]
[Round "3"]
[White "Cernousek, Lukas"]
[Black "Hruby, Milan"]
[Result "1-0"]
[WhiteElo "2373"]
[BlackElo "2108"]
[PlyCount "49"]

1. e4 e5 2. Nf3 Nc6 3. Bb5 a6 4. Ba4 Nf6 5. O-O Be7 6. Re1 b5 7. Bb3 d6 8. c3
O-O 9. d4 Bg4 10. d5 Na5 11. Bc2 c6 12. h3 Bc8 13. dxc6 Qc7 14. Nbd2 Qxc6 15.
a4 Bb7 16. Qe2 Nc4 17. Bd3 Rac8 18. axb5 axb5 19. b3 Nxd2 20. Bxd2 Qc5 21. Ra5
Bc6 22. c4 Rfd8 23. b4 Qb6 24. cxb5 Ba8 25. Rea1 1-0

[Event "Strmilov 2004"]
[Site "?"]
[Date "2004.05.06"]
[Round "3"]
[White "Cifka, Stanislav"]
[Black "Cvek, Robert"]
[Result "0-1"]
[WhiteElo "2262"]
[BlackElo "2467"]
[PlyCount "107"]

1. d4 Nf6 2. c4 e6 3. g3 c5 4. Nf3 b6 5. d5 Ba6 6. e3 exd5 7. cxd5 Bxf1 8. Kxf1
g6 9. Kg2 Bg7 10. Re1 O-O 11. e4 d6 12. Nc3 Nbd7 13. Bf4 Ne8 14. e5 dxe5 15.
Nxe5 Nxe5 16. Bxe5 Bxe5 17. Rxe5 Qf6 18. Re3 Nd6 19. Qf3 Qxf3+ 20. Kxf3 Rfe8
21. Rae1 Kf8 22. g4 b5 23. g5 Red8 24. Rd3 Rac8 25. Ne4 Nxe4 26. Rxe4 c4 27.
Rd2 Rc5 28. Re5 c3 29. bxc3 Rxc3+ 30. Kf4 a6 31. Re3 Rc4+ 32. Re4 Rc5 33. Re5
Rd6 34. h4 a5 35. Kg4 Rc4+ 36. f4 b4 37. Rde2 Kg7 38. Rd2 a4 39. Re7 Rc5 40.
Rb7 Rcxd5 41. Rxd5 Rxd5 42. Rxb4 h5+ 43. gxh6+ Kxh6 44. f5 Rxf5 45. Rxa4 Rc5
46. Ra8 f5+ 47. Kf4 Rc4+ 48. Ke5 Kh5 49. Rh8+ Kg4 50. Rh6 f4 51. Rxg6+ Kxh4 52.
Kd5 Ra4 53. Rg1 f3 54. Ra1 0-1

[Event "Strmilov 2004"]
[Site "?"]
[Date "2004.05.06"]
[Round "3"]
[White "Divis, Jan"]
[Black "Karlicek, Pavel"]
[Result "0-1"]
[WhiteElo "1717"]
[BlackElo "1953"]
[PlyCount "68"]

1. d4 Nf6 2. c4 e5 3. dxe5 Ng4 4. Nf3 Nc6 5. Nc3 Ngxe5 6. Nxe5 Nxe5 7. e3 g6 8.
Be2 Bg7 9. Bd2 O-O 10. O-O d6 11. f4 Nc6 12. a3 Re8 13. Qc2 Bf5 14. Bd3 Bxd3
15. Qxd3 Ne7 16. Rae1 c6 17. Nd1 d5 18. Bc3 dxc4 19. Qxc4 Qb6 20. Bxg7 Kxg7 21.
g4 Nd5 22. Rf3 Re7 23. h4 Rae8 24. f5 Re4 25. Qc1 Rxg4+ 26. Kf2 Rxh4 27. fxg6
hxg6 28. b4 Rh2+ 29. Kg3 Qc7+ 30. Rf4 Nxf4 31. Qc3+ f6 32. exf4 Reh8 33. Nf2
Qd7 34. f5 Qd6+ 0-1

[Event "Strmilov 2004"]
[Site "?"]
[Date "2004.05.06"]
[Round "3"]
[White "Ducho, Pavel"]
[Black "Hornak, Ivan"]
[Result "1/2-1/2"]
[WhiteElo "1471"]
[BlackElo "1623"]
[PlyCount "77"]

1. e4 e5 2. Nf3 Nc6 3. Bb5 d6 4. Bxc6+ bxc6 5. O-O Nf6 6. Re1 Bg4 7. d3 Be7 8.
b3 O-O 9. Nbd2 c5 10. Bb2 Nd7 11. c4 Nb8 12. h3 Bh5 13. Nf1 Bh4 14. Ng3 Bxg3
15. fxg3 Nc6 16. g4 Bg6 17. Rf1 f6 18. Qe1 h6 19. Qg3 Qd7 20. Bc3 Rf7 21. Rf2
Raf8 22. Raf1 Bh7 23. h4 Qe7 24. h5 Qd7 25. Nh4 Nd8 26. Bd2 Ne6 27. Nf5 Ng5 28.
Bxg5 fxg5 29. Ne3 Rf6 30. Rxf6 Rxf6 31. Rxf6 gxf6 32. Qf3 Qf7 33. Nd5 Kg7 34.
Kf2 c6 35. Ne3 Qf8 36. Nc2 a5 37. Qd1 Bg8 38. Qd2 Qd8 39. Ne3 1/2-1/2

[Event "Strmilov 2004"]
[Site "?"]
[Date "2004.05.06"]
[Round "3"]
[White "Gross, David"]
[Black "Blazek , Jiri"]
[Result "1-0"]
[WhiteElo "2413"]
[BlackElo "2173"]
[PlyCount "73"]

1. e4 c5 2. Nf3 d6 3. d4 cxd4 4. Nxd4 Nf6 5. Nc3 a6 6. f4 e6 7. Qf3 Qb6 8. Nb3
Qc7 9. g4 b5 10. g5 Nfd7 11. Bd2 Bb7 12. Bd3 Be7 13. O-O-O Nc6 14. Rhe1 Nb4 15.
Kb1 Nxd3 16. cxd3 Nc5 17. Nxc5 dxc5 18. Qh3 O-O-O 19. f5 Qd7 20. Bf4 exf5 21.
exf5 f6 22. d4 c4 23. Re6 fxg5 24. Be5 Bf6 25. Qe3 b4 26. Ne4 Bxe4+ 27. Qxe4
Qd5 28. Qxd5 Rxd5 29. Bxf6 gxf6 30. Rxa6 Kd7 31. Rxf6 h5 32. Rf7+ Kd6 33. f6
Ke6 34. Rc7 Kxf6 35. Rxc4 Rb8 36. Rf1+ Rf5 37. Rc6+ 1-0

[Event "Strmilov 2004"]
[Site "?"]
[Date "2004.05.06"]
[Round "3"]
[White "Hadrava, Jaroslav"]
[Black "Malirsky, Josef"]
[Result "1/2-1/2"]
[WhiteElo "1864"]
[BlackElo "1477"]
[PlyCount "120"]

1. e4 c5 2. Nc3 e6 3. g3 Nc6 4. Bg2 d6 5. f4 Nf6 6. Nf3 Be7 7. O-O O-O 8. d3 a6
9. h3 b5 10. Kh2 Bd7 11. Ne2 Qc7 12. g4 Ne8 13. Ng3 f5 14. g5 g6 15. h4 Ng7 16.
exf5 Nxf5 17. Nxf5 Rxf5 18. d4 Raf8 19. Bh3 R5f7 20. Qe2 Nd8 21. dxc5 dxc5 22.
Ne5 Rg7 23. Nxd7 Qxd7 24. Re1 Bd6 25. Be3 Qc7 26. Rf1 Re7 27. Rad1 Bxf4+ 28.
Bxf4 Rxf4 29. Kg2 e5 30. h5 gxh5 31. Qxh5 Qc6+ 32. Kg1 Nf7 33. Rxf4 exf4 34.
Bf5 Re3 35. Bxh7+ Kf8 36. Rd2 Rg3+ 37. Kf1 Qf3+ 38. Qxf3 Rxf3+ 39. Ke2 Re3+ 40.
Kf2 Nxg5 41. Bf5 Re5 42. Bg6 Ke7 43. b3 Ke6 44. c4 bxc4 45. bxc4 a5 46. a4 Re3
47. Bc2 Rc3 48. Bb1 Rxc4 49. Ba2 Ne4+ 50. Ke2 Nxd2 51. Kxd2 Kd5 52. Kd3 f3 53.
Bxc4+ Ke5 54. Ke3 f2 55. Kxf2 Kd4 56. Bf1 c4 57. Ke2 Kc3 58. Kd1 Kb3 59. Kc1 c3
60. Bb5 c2 1/2-1/2

[Event "Strmilov 2004"]
[Site "?"]
[Date "2004.05.06"]
[Round "3"]
[White "Havlik, Jan"]
[Black "Piza, Vlastimil"]
[Result "1-0"]
[WhiteElo "2121"]
[BlackElo "2278"]
[PlyCount "31"]

1. e4 c5 2. Nf3 d6 3. d4 cxd4 4. Nxd4 Nf6 5. Nc3 a6 6. Bc4 e6 7. Bb3 Nbd7 8.
O-O Nc5 9. Bg5 Be7 10. Qe1 O-O 11. Rd1 Qc7 12. f4 Kh8 13. Rf3 b5 14. Rh3 Bb7
15. Qh4 Bxe4 16. f5 1-0

[Event "Strmilov 2004"]
[Site "?"]
[Date "2004.05.06"]
[Round "3"]
[White "Havluj, Zdenek"]
[Black "Pahorecky st., Jiri"]
[Result "0-1"]
[WhiteElo "1958"]
[BlackElo "1752"]
[PlyCount "72"]

1. e4 c5 2. Nf3 d6 3. d4 cxd4 4. Nxd4 Nf6 5. Nc3 g6 6. Be2 Bg7 7. Be3 Nc6 8. h4
h5 9. f3 Bd7 10. Qd2 Rc8 11. O-O-O Ne5 12. Kb1 Nc4 13. Bxc4 Rxc4 14. Rhe1 O-O
15. Qe2 Rc5 16. Ndb5 Rxb5 17. Nxb5 Qa5 18. Nd4 Rc8 19. Bg5 b5 20. g4 hxg4 21.
f4 Qb6 22. e5 Nh5 23. e6 Be8 24. exf7+ Bxf7 25. Ne6 Bf6 26. Qxg4 Qc6 27. Rd2
Qc4 28. Qe2 Qa4 29. Qe4 Qa5 30. Rg2 d5 31. Qe2 d4 32. f5 Ng7 33. Bxf6 exf6 34.
Reg1 Nxf5 35. Rxg6+ Bxg6 36. Qh5 Qe1+ 0-1

[Event "Strmilov 2004"]
[Site "?"]
[Date "2004.05.06"]
[Round "3"]
[White "Hejl, Jaroslav"]
[Black "Snorek, Milan"]
[Result "0-1"]
[WhiteElo "1872"]
[BlackElo "2164"]
[PlyCount "82"]

1. d4 d5 2. c4 dxc4 3. Nf3 Nf6 4. e3 e6 5. Bxc4 c5 6. O-O a6 7. a4 Nc6 8. Qe2
cxd4 9. Rd1 Be7 10. Nxd4 Nxd4 11. Rxd4 Qc7 12. Bd2 e5 13. Rd3 e4 14. Rc3 Qe5
15. g3 Bg4 16. Qe1 h5 17. Rb3 Rc8 18. Bc3 Qf5 19. Nd2 Rc7 20. Rc1 O-O 21. Bd4
Rfc8 22. Rbc3 Rc6 23. Be2 Rxc3 24. Rxc3 Rxc3 25. Bxc3 Nd5 26. Bxg4 Qxg4 27. Qb1
Nxc3 28. bxc3 Qd7 29. Nxe4 h4 30. Qc2 h3 31. f3 g5 32. Kf2 f5 33. Nd2 Bc5 34.
Nc4 Kg7 35. Ke2 g4 36. fxg4 Qd5 37. Nb2 Qg2+ 38. Kd1 Qg1+ 39. Kd2 Qxh2+ 40. Kd3
Qxc2+ 41. Kxc2 h2 0-1

[Event "Strmilov 2004"]
[Site "?"]
[Date "2004.05.06"]
[Round "3"]
[White "Horak, Karel"]
[Black "Beter, Arnost"]
[Result "1-0"]
[WhiteElo "1709"]
[BlackElo "1941"]
[PlyCount "141"]

1. d4 d5 2. c4 e6 3. Nc3 c6 4. Nf3 Nf6 5. cxd5 exd5 6. Bg5 Be7 7. Qc2 Bg4 8. e3
Nbd7 9. Nd2 Bh5 10. Bd3 Bg6 11. h3 O-O 12. O-O Re8 13. Bxg6 hxg6 14. Bxf6 Nxf6
15. Rab1 Bd6 16. b4 a6 17. Na4 Qe7 18. Nc5 g5 19. Rfc1 g6 20. g4 Kg7 21. a4 Rh8
22. Kg2 Rh6 23. b5 cxb5 24. axb5 a5 25. Nf3 Ne4 26. Nd3 Rah8 27. Rh1 Rd8 28.
Rbc1 Rhh8 29. Qa2 Qe6 30. Qxa5 f5 31. Nde5 Bxe5 32. Nxe5 Rc8 33. Rc7+ Rxc7 34.
Qxc7+ Kf6 35. Nd7+ Kg7 36. Nc5+ Qf7 37. Qxf7+ Kxf7 38. Nxe4 dxe4 39. Rc1 Ke6
40. Rc7 f4 41. Rxb7 f3+ 42. Kg3 Ra8 43. Rb6+ Kf7 44. Ra6 Rc8 45. Rc6 Ra8 46.
Rc2 Rb8 47. Rc5 Kf6 48. Re5 Rb6 49. Rxe4 Rxb5 50. Kxf3 Rb1 51. Re5 Rd1 52. Ra5
Rd2 53. Ra6+ Kf7 54. Kg3 Rd3 55. h4 gxh4+ 56. Kxh4 Rd2 57. Kg3 Rd3 58. Kf4 Rd2
59. f3 Rf2 60. Ke4 Rg2 61. d5 Rd2 62. g5 Rd1 63. f4 Rd2 64. Ke5 Rd3 65. e4 Rd1
66. Ra7+ Kg8 67. Kf6 Rf1 68. Kxg6 Kf8 69. Kf5 Rd1 70. Kf6 Ke8 71. g6 1-0

[Event "Strmilov 2004"]
[Site "?"]
[Date "2004.05.06"]
[Round "3"]
[White "Janecek, Josef"]
[Black "Dolezal, Jiri"]
[Result "0-1"]
[WhiteElo "2099"]
[BlackElo "2222"]
[PlyCount "58"]

1. e4 e5 2. Nf3 Nc6 3. Bb5 a6 4. Ba4 Nf6 5. O-O Be7 6. Nc3 b5 7. Bb3 d6 8. Nd5
O-O 9. Nxe7+ Qxe7 10. d3 Na5 11. h3 h6 12. Re1 c5 13. c3 Nxb3 14. axb3 Re8 15.
c4 Bd7 16. Nh2 a5 17. f4 a4 18. bxa4 bxc4 19. dxc4 Bc6 20. b3 Nxe4 21. Bb2 Qh4
22. Rf1 Ng3 23. Qd2 Nxf1 24. Rxf1 Qg3 25. Ng4 exf4 26. Ba1 Re6 27. Qb2 Rg6 28.
Rd1 Re8 29. Nxh6+ Rxh6 0-1

[Event "Strmilov 2004"]
[Site "?"]
[Date "2004.05.06"]
[Round "3"]
[White "Kellner, Petr"]
[Black "Petkov, Andon"]
[Result "0-1"]
[WhiteElo "1972"]
[BlackElo "1770"]
[PlyCount "78"]

1. d4 c5 2. d5 e5 3. e4 d6 4. Bb5+ Nd7 5. c4 Be7 6. Ne2 Bg5 7. Nbc3 Bxc1 8.
Rxc1 Nh6 9. O-O O-O 10. Bxd7 Bxd7 11. a3 f5 12. b4 b6 13. Qb3 Rb8 14. b5 f4 15.
f3 Kh8 16. a4 g5 17. h3 Rg8 18. Kf2 g4 19. Ke1 gxf3 20. gxf3 Qh4+ 21. Kd2 Rg2
22. Kd3 Rbg8 23. a5 Rf2 24. Ng1 Rxf1 25. Rxf1 Bxh3 26. Rc1 Rg2 27. axb6 axb6
28. Nce2 Rf2 29. Qa4 Bf1 30. Qa8+ Kg7 31. Qb7+ Nf7 32. Qxb6 Bxe2+ 33. Nxe2
Rxf3+ 34. Kd2 Qf2 35. Rg1+ Rg3 36. Rxg3+ fxg3 37. Qa7 g2 38. Qa1 Ng5 39. Qg1
Nf3+ 0-1

[Event "Strmilov 2004"]
[Site "?"]
[Date "2004.05.06"]
[Round "3"]
[White "Lechtynsky, Jiri"]
[Black "Spal, Milan"]
[Result "1/2-1/2"]
[WhiteElo "2431"]
[BlackElo "2233"]
[PlyCount "34"]

1. d4 c5 2. e3 Nf6 3. Nf3 e6 4. Bd3 Be7 5. c4 cxd4 6. exd4 d5 7. Nc3 dxc4 8.
Bxc4 O-O 9. O-O Bd7 10. d5 exd5 11. Nxd5 Nxd5 12. Qxd5 Nc6 13. Qh5 Qa5 14. Qxa5
Nxa5 15. Bd3 Rad8 16. Be3 Nc6 17. Rac1 Be6 1/2-1/2

[Event "Strmilov 2004"]
[Site "?"]
[Date "2004.05.06"]
[Round "3"]
[White "Nemecky, Jan"]
[Black "Steinhauser, Frantisek"]
[Result "0-1"]
[WhiteElo "1489"]
[BlackElo "1775"]
[PlyCount "96"]

1. e4 c5 2. Nc3 g6 3. d3 Bg7 4. Nf3 e6 5. Be2 Ne7 6. O-O O-O 7. Bd2 Nbc6 8. Qc1
Rb8 9. Bh6 b5 10. Bxg7 Kxg7 11. b3 d5 12. exd5 exd5 13. Qb2 d4 14. Ne4 Qd5 15.
Qc1 f5 16. Ng3 Qe6 17. Re1 Nd5 18. Bf1 Qf6 19. h4 h6 20. Qa3 Ndb4 21. Qc1 Bb7
22. a3 Nd5 23. h5 g5 24. Qd2 Nc3 25. b4 g4 26. Nh2 Ne5 27. Qf4 Rbe8 28. bxc5
Kh7 29. Kh1 Nd5 30. Qd2 f4 31. Ne4 Qh4 32. g3 Qxh5 33. Bg2 f3 34. Bf1 Re7 35.
Nd6 Bc6 36. Re4 Nc3 37. Rf4 Nf7 38. Rf5 Qg6 39. Qf4 h5 40. Rf6 Qg7 41. Qf5+ Kh8
42. Qxh5+ Qh7 43. Nxf7+ Rfxf7 44. Rh6 Ne2 45. Rxh7+ Rxh7 46. Qf5 Nxg3+ 47. fxg3
f2+ 48. Bg2 Re1+ 0-1

[Event "Strmilov 2004"]
[Site "?"]
[Date "2004.05.06"]
[Round "3"]
[White "Pahorecky ml., Jiri"]
[Black "Novak, Rudolf"]
[Result "0-1"]
[WhiteElo "1946"]
[BlackElo "1557"]
[PlyCount "80"]

1. e4 c5 2. Nf3 d6 3. d4 cxd4 4. Nxd4 Nf6 5. Nc3 a6 6. Bg5 e6 7. Qd2 Be7 8.
O-O-O O-O 9. f4 Qc7 10. Bd3 b5 11. g4 Bb7 12. Rde1 Nc6 13. Nb3 b4 14. Ne2 a5
15. Nbd4 Qb6 16. Nxc6 Bxc6 17. Bxf6 Bxf6 18. g5 Be7 19. b3 a4 20. Kb2 axb3 21.
axb3 f5 22. Bc4 Bxe4 23. Bxe6+ Kh8 24. Nd4 Bxh1 25. Qe3 Ra3 26. Rxh1 Qa7 27.
Re1 Ra2+ 28. Kc1 Ra1+ 29. Kd2 Rxe1 30. Kxe1 Bd8 31. Nxf5 Bb6 32. Qd3 Qa1+ 33.
Kd2 Bf2 34. Qxd6 Qe1+ 35. Kd3 Qd1+ 36. Kc4 Qxc2+ 37. Kxb4 Bc5+ 38. Qxc5 Rb8+
39. Qb5 Rxb5+ 40. Kxb5 Qe4 0-1